00911nam a2200229 a 450000100100000000500170001000800410002702000150006804000250008308200130010810000340012124501170015526000470027230000210031949000290034050400310036950000730040070000410047383000390051495201110055399900170066400004274520201002040351.0140206s1988 ag 000 0 spa d a9504000355 aDO-SdBNPbspacBNPHU axxxbxxx1 aFloria, Carlos Alberto97006410aHistoria política de la Argentina contemporánea 1880-1983 /cCarlos A. Floria, César A. García Belsunce. aBuenos Aires, Argentina :bAlianza,c1988. a275 p. ;c20 cm.1 aAlianza ensayoahistoria aBibliografía: p. 271-275 aIncluye referencias bibliográficas y notas al pie de las páginas12aGarcía Belsunce, César A.970065 0aAlianza ensayo ;phistoria.970066 001050718MOaGRbGRcCTd2014-02-06iLF1l0oxxx xxxp42745-10r2020-06-25w2020-06-25y1ZNo se presta c42234d42234